[Event "ESP-chT Regional U14"]
[Site "Padron"]
[Date "2016.06.23"]
[Round "1.44"]
[White "Roldan Hernandez, Lucia"]
[Black "Fernandez Monreal, Berta"]
[Result "0-1"]
[WhiteElo "1393"]
[BlackElo "1182"]
[PlyCount "166"]
[EventDate "2016.06.23"]
[EventType "team-swiss"]
[EventRounds "6"]
[EventCountry "ESP"]
[SourceTitle "EXT 2017"]
[Source "ChessBase"]
[SourceDate "2016.10.25"]
[SourceVersion "1"]
[SourceVersionDate "2016.10.25"]
[SourceQuality "1"]
[WhiteTeam "Castilla La Mancha"]
[BlackTeam "Andalucia"]
[WhiteTeamCountry "ESP"]
[BlackTeamCountry "ESP"]

1. e4 e5 2. Nc3 Nc6 3. Nf3 Nf6 4. Bc4 Be7 5. 0-0 0-0 6. d3 d6 7. h3 Na5 8. Bb3 Nxb3 9. axb3 Re8 10. Re1 h6 11. Be3 a6 12. Qd2 Bf8 13. Ne2 d5 14. exd5 Nxd5 15. Ng3 Nxe3 16. Rxe3 f6 17. Rae1 b5 18. d4 Bb7 19. dxe5 Qxd2 20. Nxd2 Bc5 21. R3e2 Bd4 22. exf6 Rxe2 23. Rxe2 Bxf6 24. c3 a5 25. Nf5 Kf7 26. Nd4 Ba6 27. Re4 Re8 28. Rf4 Re1+ 29. Kh2 Kg8 30. g3 Bg5 31. N2f3 Bxf4 32. Nxe1 Bc1 33. Nd3 Bg5 34. Ne6 c6 35. Ndf4 Bc8 36. Nd4 Be7 37. Nd3 Bb7 38. Kg1 b4 39. cxb4 axb4 40. Kh2 c5 41. Nf5 Bf8 42. Ne3 Be4 43. Nf4 g5 44. Nfg2 Bg7 45. Nc4 Bc2 46. Nge3 Bxb3 47. Kg1 Ba4 48. Kf1 Bb5 49. Ke1 Bd7 50. g4 Bd4 51. Kd2 Bb5 52. b3 Kg7 53. Nf5+ Kg6 54. Nxd4 Bxc4 55. bxc4 cxd4 56. c5 Kf7 57. Kd3 b3 58. Kd2 Ke6 59. Kd3 Kd5 60. Kd2 Kxc5 61. Kd3 Kb4 62. Kd2 Ka3 63. f4 b2 64. f5 b1Q 65. f6 Qb2+ 66. Kd3 Qc3+ 67. Ke4 Qe3+ 68. Kf5 Qf4+ 69. Kg6 Qd6 70. Kg7 d3 71. f7 Qe7 72. Kg8 d2 73. f8Q Qxf8+ 74. Kxf8 d1Q 75. Kg7 Qd6 76. Kf7 Kb4 77. Kg7 Kc5 78. Kf7 Kd5 79. Kg7 Ke5 80. Kf7 Qf6+ 81. Kg8 Qg6+ 82. Kh8 Kf6 83. h4 Qg7# 0-1